| 000 | 00354nam a2200133 a 4500 | ||
|---|---|---|---|
| 005 | 20140414131911.0 | ||
| 008 | 101012s19uu xx 00 eng d | ||
| 050 |
_aER _bAn4 1989 |
||
| 100 | _aAuch, Mary Jane | ||
| 245 | _aAngel and me and the bayside bombers. | ||
| 250 | _a | ||
| 260 |
_aBoston : _bLittle, Brown and Company, _c1989. |
||
| 999 |
_c111221 _d111221 |
||